Basics facade apertures /

Bibliographic Details
Main Author: Krippner, Roland
Other Authors: Musso, Florian, 1956-
Format: Book
Language:English
Published: Basel ; Boston : Birkhäuser, [2008]
Series:Basics (Basel, Switzerland)
Subjects:

MARC

Tag First Indicator Second Indicator Subfields
LEADER 00000cam a22000004a 4500
001 in00002370607
005 20151109042830.0
008 071114s2008 sz a b 000 0 eng c
010 |a  2007935228 
019 |a 156813024 
020 |a 9783764384661 (pbk.) 
020 |a 3764384662 (pbk.) 
029 1 |a OHX  |b har070065042 
035 |a (OCoLC)ocn181288513 
035 |a (OCoLC)181288513  |z (OCoLC)156813024 
040 |a SISPL  |c SISPL  |d BWX  |d OKS  |d BTCTA  |d BAKER  |d YDXCP  |d OHX  |d MFM  |d UtOrBLW 
042 |a pcc 
049 |a TXAM 
082 0 4 |a 721/.823  |2 22 
090 |a TH2264  |b .K75 2008 
100 1 |a Krippner, Roland. 
245 1 0 |a Basics facade apertures /  |c Roland Krippner, Florian Musso. 
246 3 0 |a Facade apertures 
264 1 |a Basel ;  |a Boston :  |b Birkhäuser,  |c [2008] 
264 4 |c ©2008 
300 |a 83 pages :  |b illustrations ;  |c 22 cm. 
336 |a text  |b txt  |2 rdacontent 
337 |a unmediated  |b n  |2 rdamedia 
338 |a volume  |b nc  |2 rdacarrier 
490 1 |a Basics 
504 |a Includes bibliographical references (page 81). 
650 0 |a Windows. 
650 0 |a Exterior walls. 
700 1 |a Musso, Florian,  |d 1956- 
830 0 |a Basics (Basel, Switzerland) 
938 |a Blackwell Book Service  |b BBUS  |n R4686875  |c $16.50 
938 |a Baker and Taylor  |b BTCP  |n BK0007321622 
938 |a Baker & Taylor  |b BKTY  |c 16.50  |d 12.38  |i 3764384662  |n 0007321622  |s active 
938 |a YBP Library Services  |b YANK  |n 2575309 
938 |a Otto Harrassowitz  |b HARR  |n har070065042  |c 19.98 USD 
945 |a PromptCat  |b 386285 
946 |a stk 
947 |a A14836858349 
994 |a C0  |b TXA 
948 |a cataloged  |b h  |c 2008/4/17  |d c  |e jlanham  |f 12:11:59 pm 
999 |a MARS 
999 f f |s 47c94768-440f-33db-9d64-09edc4b955ba  |i 7af8a389-f7e1-307e-90f1-dc8e54174621  |t 0 
952 f f |p ric  |a Texas A&M University  |b Rellis Campus  |c Joint Library Facility  |d Remote Storage  |t 0  |e TH2264 .K75 2008  |h Library of Congress classification  |i unmediated -- volume  |m A14836858349 
998 f f |a TH2264 .K75 2008  |t 0  |l Remote Storage